Twilight of Atheism (Record no. 17181)

MARC details
000 -LEADER
fixed length control field 00614nam a2200241 a 4500
020 ## - INTERNATIONAL STANDARD BOOK NUMBER
ISBN 184413
082 00 - DEWEY DECIMAL CLASSIFICATION NUMBER
Classification number 211.8
Author Cutter MCG
100 ## - MAIN ENTRY--AUTHOR NAME
Author name Mcgrath, Alister
245 ## - TITLE STATEMENT
Title Twilight of Atheism
Sub title the Rise and Fall of Disbelief in the Modern World
260 ## - PUBLICATION, DISTRIBUTION, ETC. (IMPRINT)
Place of publication London
Name of publisher Rider
Year of publication 2004
300 ## - PHYSICAL DESCRIPTION
Number of Pages 306p
500 ## - GENERAL NOTE
General note includes index and biblioraphy
505 2# - FORMATTED CONTENTS NOTE
Formatted contents note Index
650 ## - SUBJECT ADDED ENTRY--TOPICAL TERM
Topical Term Atheism
942 ## - ADDED ENTRY ELEMENTS (KOHA)
Koha item type Books
700 1# -
-- Mcgrath, Alister
Holdings
Collection code Home library Current library Date acquired Cost, normal purchase price Full call number Accession Number Koha item type
  Henry Martyn Institute Library Henry Martyn Institute Library 03/16/2012 787.00 211.8 MCG 021216 Books
                   Copyright © 2026 | Henry Martyn Institute | Hyderabad | TS-500052 | INDIA | Implemented by hmi.edu.in
Hit-Count:

Powered by Koha